The importance of the rihla for the Islamization of Spain /
Saved in:
| Main Author: | |
|---|---|
| Format: | Thesis Book |
| Language: | English |
| Published: |
Ann Arbor :
University Microfilms International,
1982.
|
| Subjects: | |
| Tags: |
Add Tag
No Tags, Be the first to tag this record!
|
| LEADER | 00831cam a2200253 a 4500 | ||
|---|---|---|---|
| 001 | u107678 | ||
| 003 | SIRSI | ||
| 008 | 910828s1982 us v 00 1 eng | ||
| 035 | |a AAL-7580 | ||
| 040 | |a UMA | ||
| 043 | |a e-esp-- | ||
| 094 | |a BP65 |b S6Len | ||
| 100 | 1 | 0 | |a Lenker, Michael Karl |
| 245 | 1 | 4 | |a The importance of the rihla for the Islamization of Spain / |c Michael Karl Lenker. |
| 260 | |a Ann Arbor : |b University Microfilms International, |c 1982. | ||
| 300 | |a ix, 377 p. ; |c 21 cm. | ||
| 500 | |a AIUM | ||
| 502 | |a Thesis (Ph.D.) -- University of Pennsylvania. | ||
| 504 | |a Bibliography: p. 367-377. | ||
| 650 | 0 | |a Islam |z Spain. | |
| 650 | 0 | |a Islamic religious education |z Spain. | |
| 948 | |a 28/08/1991 |b 02/08/2001 | ||
| 596 | |a 27 | ||
| 999 | |a BP65 S6LEN |w LC |c 1 |i A509233761 |l STACKS |m P27BACHOK |r Y |s Y |t TESIS |u 2/8/2001 |o .STAFF. PHOTOCOPY | ||
